000 00689nam a2200289Ia 4500
005 20260324144529.0
008 008 260324s9999 xx 000 0 eng d
020 _a9780203993149
037 _aEBOOK
040 _aCRL
040 _beng
040 _cCRL
041 _2eng
041 _aeng
084 _qCRL
100 _a Royal College of Physicians
_91219665
245 2 _aA Great and Growing Evil?
245 4 _bThe Medical Effects of Alcohol
260 _bTaylor and Francis
260 _c1987
365 _a
365 _b300
856 _uhttp://www.taylorfrancis.com/books/9780203993149
942 _cEBOOK
999 _c1826393
_d1826393